Normal view
MARC view
- Co-Supervisor : Dr Zuhair S. Khan
Entry Personal Name
001 - CONTROL NUMBER
- control field: 118021
003 - CONTROL NUMBER IDENTIFIER
- control field: NUST
005 - DATE AND TIME OF LATEST TRANSACTION
- control field: 20230919112142.0
008 - FIXED-LENGTH DATA ELEMENTS
- fixed length control field: 230919|| aca||aabn | a|a d
040 ## - CATALOGING SOURCE
- Original cataloging agency: NUST
- Transcribing agency: NUST
100 ## - HEADING--PERSONAL NAME
- Personal name: Co-Supervisor : Dr Zuhair S. Khan
670 ## - SOURCE DATA FOUND
- Source citation: Work cat.: (NUST)601764: Ussama Khalid Barki (00000119203) 116367, Development of kevlar (poly-aramid) based polymer electrolyte membrane for high temperature polymer electrolyte membrane fuel cell (HT-PEMFC) /, 2018
